| 000 | 00946nam a22002897a 4500 | ||
|---|---|---|---|
| 999 |
_c8472 _d8472 |
||
| 001 | 22141 | ||
| 003 | BD-DhUAP | ||
| 005 | 20240401122058.0 | ||
| 008 | 240321b20112013ny |||| |||| 001 0deng d | ||
| 010 | _a 2010941792 | ||
| 020 | _a9780521534185 | ||
| 020 | _a9781421400198 (pbk. : alk. paper) | ||
| 040 |
_aDLC _beng _cDLC _dBD-DhUAP |
||
| 082 |
_222 _a809.93358 POS |
||
| 245 | 0 | 0 |
_aPostcolonial literary studies / _cedited by Lazarus, Neil |
| 260 |
_aNew York : _bCambridge University Press; _c2013. |
||
| 300 |
_axvi, 301 p. ; _c23 cm. |
||
| 490 | 0 | _aThe Cambridge Companion | |
| 504 | _aIncludes bibliographical references and index. | ||
| 650 | 0 |
_aEnglish literature _xHistory and criticism _xTheory, etc. |
|
| 650 | 0 | _aPostcolonialism in literature. | |
| 650 | 0 | _aDecolonization in literature. | |
| 650 | 0 | _aImperialism in literature. | |
| 650 | 0 | _aColonies in literature. | |
| 700 | 1 | _aedited by Lazarus, Neil | |
| 942 |
_2ddc _cBK |
||